A Handbook of IRDP planning, monitoring and co-ordination (Record no. 529046)

000 -LEADER
fixed length control field 00305nam a2200109 4500
082 ## - DEWEY DECIMAL CLASSIFICATION NUMBER
Classification number SNT Z44 Sa82
100 ## - MAIN ENTRY--PERSONAL NAME
Personal name Satapathy, K.M.
9 (RLIN) 50682
245 ## - TITLE STATEMENT
Title A Handbook of IRDP planning, monitoring and co-ordination
Statement of responsibility, etc by K.M. Satapathy
260 ## - PUBLICATION, DISTRIBUTION, ETC. (IMPRINT)
Place of publication, distribution, etc Bhubaneswar
Name of publisher, distributor, etc Satapathy
Date of publication, distribution, etc 1992
300 ## - PHYSICAL DESCRIPTION
Extent 139p.
942 ## - ADDED ENTRY ELEMENTS (KOHA)
Source of classification or shelving scheme
Holdings
Withdrawn status Lost status Source of classification or shelving scheme Damaged status Koha normalized classification for sorting Not for loan Permanent location Current location Date acquired Full call number Barcode Date last seen Price effective from Koha item type
        SNT_Z44_SA82   Indian Institute of Public Administration Indian Institute of Public Administration 2025-02-13 SNT Z44 Sa82 GR24939 2025-02-13 2025-02-13 GR

Powered by Koha